000 00757nam a22002177a 4500
999 _c14918
_d14918
003 AR-CdUCM
008 190425b ||||| |||| 00| 0 spa d
020 _a978-9974-8042-9-6
040 _aMUNICIPALIDAD PROVINCIAL DEL CUSCO
_cBIBLIOTECA MUNICIPAL DEL CUSCO
041 _hspa
082 _aES / 803 /
_bE71
100 _aErbiti, Alejandra
_933847
245 _aMitos y leyendas del mundo :
_bLa emperatriz, La reina de las focas, Figueirós y la reina loca, El veredicto /
260 _aUruguay :
_bLatinbooks internacional S.A,
_c2010.
300 _a 62 paginas ;
_bIlustraciones,
_c24 cm.
650 _aLiteratura infantil
_9588
650 _aCuento
_94671
700 _aAna Laura Saucedo
_933848
942 _2ddc
_cLIBROS
945 _arjall
_d2019-04-25